| 000 | 00556nam a2200181Ia 4500 | ||
|---|---|---|---|
| 008 | 100917s9999 xx 000 0 und d | ||
| 082 | _b4562 | ||
| 100 | _aकोल्हटकर बाळ | ||
| 245 | _aदुरितांचे तिमिर जावो | ||
| 260 |
_b--- _c1957 |
||
| 300 | _a112 | ||
| 365 | _b2 | ||
| 520 | _aचरित्र | ||
| 630 | _aदुरितांचे तिमिर जावो | ||
| 650 | _aचरित्र | ||
| 730 | _aदुरितांचे तिमिर जावो | ||
| 942 | _cBOOK | ||
| 999 |
_c609956 _d609953 |
||